[Event "30th WCh U20 Girls"]
[Site "Athens GRE"]
[Date "2012.08.04"]
[Round "3"]
[White "Ibrahimova, Sabina"]
[Black "Kalaydina, Regina Veronicka"]
[Result "1-0"]
[WhiteElo "2091"]
[BlackElo "1928"]
[EventDate "2012.08.02"]
[PlyCount "89"]

1.e4 c5 2.Nf3 e6 3.d4 cxd4 4.Nxd4 Nc6 5.Nc3 Nf6 6.a3 d6 7.f4 Be7 8.Nb3 a6 
9.Bd3 b5 10.Qf3 Bb7 11.O-O Qc7 12.Bd2 O-O 13.Rae1 Rfe8 14.Qg3 g6 15.f5 Ne5
16.fxe6 fxe6 17.Nd4 Bc8 18.Kh1 Bd7 19.Nce2 Nh5 20.Qh3 Nxd3 21.cxd3 Ng7 22.
Rc1 Qb7 23.Nf3 e5 24.Qh6 Ne6 25.Nc3 Bc6 26.Qh3 Bf8 27.Ng5 Nxg5 28.Bxg5 Bd7
29.Rf7 Bxh3 30.Rxb7 Bc8 31.Rc7 Be6 32.Kg1 h6 33.Bf6 Bf7 34.h3 Reb8 35.Nd5 
Bxd5 36.exd5 Re8 37.Rd7 Rec8 38.Rc6 a5 39.b3 h5 40.h4 b4 41.a4 Rxc6 42.
dxc6 Ra6 43.Rd8 Rxc6 44.Be7 Rc1+ 45.Kf2 1-0

[Event "30th WCh U20 Girls"]
[Site "Athens GRE"]
[Date "2012.08.04"]
[Round "3"]
[White "Serefidou, Despina"]
[Black "Khaled, Mouna"]
[Result "0-1"]
[WhiteElo "1865"]
[BlackElo "2121"]
[EventDate "2012.08.02"]
[PlyCount "58"]

1.e4 e5 2.Nf3 Nc6 3.d4 exd4 4.Nxd4 Bc5 5.Nxc6 Qf6 6.Qf3 Qxf3 7.gxf3 bxc6 
8.Nd2 Ne7 9.Nb3 Bb6 10.a4 a5 11.Bd2 d6 12.O-O-O Be6 13.Be3 Bxe3+ 14.fxe3 
O-O 15.Nd4 Rfb8 16.b3 Rb4 17.e5 d5 18.e4 dxe4 19.Nxe6 fxe6 20.Bc4 exf3 21.
Bxe6+ Kh8 22.Rd7 Ng6 23.Rhd1 Rf8 24.Rd8 Rf4 25.Rxf8+ Rxf8 26.Bh3 Nxe5 27.
Re1 Re8 28.Kd2 g5 29.Bg4 f2 0-1

[Event "30th WCh U20 Girls"]
[Site "Athens GRE"]
[Date "2012.08.04"]
[Round "3"]
[White "Bucar, Natasa"]
[Black "Koutsogiannopoulou, Theodora"]
[Result "0-1"]
[WhiteElo "2022"]
[BlackElo "1897"]
[EventDate "2012.08.02"]
[PlyCount "72"]

1.e4 c5 2.Nf3 d6 3.d4 cxd4 4.Nxd4 Nf6 5.Nc3 a6 6.f3 e5 7.Nb3 Be6 8.Be3 Be7
9.Qd2 h5 10.Rd1 Nbd7 11.Qf2 b5 12.Nd5 Bxd5 13.exd5 e4 14.Be2 Ne5 15.O-O h4
16.Bd4 h3 17.g3 O-O 18.fxe4 Nxe4 19.Qf5 Ng5 20.Be3 g6 21.Qf2 Rc8 22.Nd4 
Qd7 23.Bf4 Ne4 24.Qe3 Nf6 25.Bf3 Nc4 26.Qc1 Nb6 27.Nc6 Nbxd5 28.Nxe7+ Nxe7
29.Bxd6 Qa7+ 30.Kh1 Rfe8 31.Be5 Nd7 32.Bd4 Qc7 33.Qh6 Ne5 34.Be4 f5 35.Bd3
Qc6+ 36.Kg1 Qg2# 0-1

[Event "30th WCh U20 Girls"]
[Site "Athens GRE"]
[Date "2012.08.04"]
[Round "3"]
[White "Nevioselaya, Maria"]
[Black "Medeiros, Thauane Ferreira"]
[Result "1-0"]
[WhiteElo "2057"]
[BlackElo "1855"]
[EventDate "2012.08.02"]
[PlyCount "83"]

1.e4 c5 2.Nf3 d6 3.d4 cxd4 4.Nxd4 Nf6 5.Nc3 g6 6.Be3 Bg7 7.f3 Nc6 8.Qd2 
O-O 9.Bc4 Bd7 10.O-O-O Rc8 11.Bb3 Ne5 12.Kb1 Nc4 13.Bxc4 Rxc4 14.g4 b5 15.
b3 Rc5 16.Ne6 fxe6 17.Bxc5 dxc5 18.e5 b4 19.exf6 bxc3 20.Qxd7 Qxd7 21.Rxd7
Bxf6 22.Rxa7 Rd8 23.a4 c4 24.b4 Rb8 25.b5 Kf7 26.Rd1 Rc8 27.Ka2 h5 28.b6 
Be5 29.Rdd7 Bxh2 30.Rxe7+ Kf6 31.Rf7+ Kg5 32.b7 Rb8 33.Ra8 hxg4 34.fxg4 
Kxg4 35.Rxb8 Bxb8 36.Rf8 Bd6 37.b8=Q Bxb8 38.Rxb8 e5 39.a5 e4 40.a6 e3 41.
a7 e2 42.Re8 1-0

[Event "30th WCh U20 Girls"]
[Site "Athens GRE"]
[Date "2012.08.04"]
[Round "3"]
[White "Imeeva, Aisa"]
[Black "Owens, Megan"]
[Result "1/2-1/2"]
[WhiteElo "2095"]
[BlackElo "1816"]
[EventDate "2012.08.02"]
[PlyCount "90"]

1.e4 c5 2.Nf3 g6 3.d4 cxd4 4.Nxd4 Bg7 5.Nc3 Nc6 6.Nb3 Nf6 7.Be2 O-O 8.O-O 
d6 9.Bg5 Be6 10.Kh1 Rc8 11.f4 Re8 12.Re1 Na5 13.Bb5 Ng4 14.Bh4 Bf6 15.Bg3 
Nc4 16.Nd5 Bxd5 17.Qxg4 Be6 18.Qe2 Rf8 19.f5 a6 20.Bxa6 bxa6 21.fxe6 Bxb2 
22.exf7+ Rxf7 23.Rad1 Qb6 24.Qg4 Rcf8 25.Qe6 Ne3 26.Rb1 Kh8 27.Nd2 Nxc2 
28.Be5+ Bxe5 29.Rxb6 Nxe1 30.Rb8 Rxb8 31.Qxf7 Bf6 32.g4 Nd3 33.h3 Ne5 34.
Qd5 Kg7 35.Nb3 Rc8 36.Nd4 h6 37.Kg2 Nc4 38.Ne6+ Kh7 39.Qb7 Ne3+ 40.Kf2 Rc3
41.Ke2 Nc4 42.h4 Rc2+ 43.Kd3 Rc3+ 44.Ke2 Rc2+ 45.Kd3 Rc3+ 1/2-1/2

[Event "30th WCh U20 Girls"]
[Site "Athens GRE"]
[Date "2012.08.04"]
[Round "3"]
[White "Moura, Danielle Sena"]
[Black "Chiarion, Elisa"]
[Result "0-1"]
[WhiteElo "1876"]
[BlackElo "1978"]
[EventDate "2012.08.02"]
[PlyCount "126"]

1.d4 d5 2.c4 e6 3.Nc3 c6 4.Nf3 dxc4 5.a4 Bb4 6.Bd2 a5 7.e3 b5 8.axb5 Bxc3 
9.Bxc3 cxb5 10.d5 f6 11.dxe6 Qxd1+ 12.Kxd1 Nc6 13.Nd4 Nxd4 14.exd4 a4 15.
d5 Bb7 16.d6 Bd5 17.e7 Nh6 18.Ke1 Kd7 19.Bb4 Nf7 20.Rd1 Be4 21.Rd4 Bg6 22.
h4 Ne5 23.Rd5 Rab8 24.Be2 Be4 25.Rxe5 fxe5 26.Bg4+ Kc6 27.d7 Bxg2 28.e8=Q 
Rhxe8 29.dxe8=Q+ Rxe8 30.Rg1 Be4 31.Ke2 Bd3+ 32.Ke3 g6 33.Bf3+ Kb6 34.Rg5 
h6 35.Rg1 Bf5 36.Be4 Rd8 37.Bxf5 gxf5 38.Rg6+ Kb7 39.Rxh6 Rd3+ 40.Ke2 f4 
41.Rh5 f3+ 42.Ke1 Rb3 43.Bc3 a3 44.bxa3 Rxc3 45.Rxe5 Kc6 46.Re6+ Kc5 47.
Re5+ Kd4 48.Rxb5 Rxa3 49.Rb8 Kd3 50.Rd8+ Kc2 51.Rd2+ Kc3 52.Rd1 Ra2 53.h5 
Re2+ 54.Kf1 Re5 55.Rc1+ Kd2 56.Ra1 Rxh5 57.Ra2+ Kd3 58.Ra3+ c3 59.Kg1 Kd2 
60.Ra8 c2 61.Rd8+ Kc3 62.Rc8+ Kd3 63.Rd8+ Kc4 0-1

[Event "30th WCh U20 Girls"]
[Site "Athens GRE"]
[Date "2012.08.04"]
[Round "3"]
[White "Lolici, Iselin-Amanda"]
[Black "Forsa, Elise"]
[Result "1-0"]
[WhiteElo "1967"]
[BlackElo "1836"]
[EventDate "2012.08.02"]
[PlyCount "85"]

1.c4 c5 2.g3 g6 3.Bg2 Bg7 4.Nc3 Nc6 5.Rb1 e6 6.e4 Nge7 7.Nge2 O-O 8.O-O b6
9.a3 Bb7 10.b4 d6 11.d3 Nd4 12.Be3 Nxe2+ 13.Nxe2 Rc8 14.Qa4 Bc6 15.Qb3 f5 
16.Nf4 Qd7 17.Rfe1 e5 18.Ne2 Qc7 19.Bd2 Bd7 20.b5 Kh8 21.a4 f4 22.gxf4 Bh6
23.Qc3 Bg4 24.fxe5 Bxd2 25.Qxd2 dxe5 26.h3 Bf3 27.Qe3 Bxe2 28.Rxe2 Ng8 29.
Rf1 Rf4 30.Ra1 Nf6 31.Rea2 Rb8 32.a5 Ne8 33.axb6 axb6 34.Ra7 Rb7 35.Ra8 
Rb8 36.R1a7 Rxa8 37.Rxa8 Rf8 38.Qg5 Kg7 39.h4 Qb7 40.Qxe5+ Kf7 41.Bh3 Qe7 
42.Be6+ Qxe6 43.Ra7+ 1-0

[Event "30th WCh U20 Girls"]
[Site "Athens GRE"]
[Date "2012.08.04"]
[Round "3"]
[White "Terzidaki, Alexandra"]
[Black "Dominguez, Gisella"]
[Result "0-1"]
[WhiteElo "1958"]
[BlackElo "1831"]
[EventDate "2012.08.02"]
[PlyCount "52"]

1.e4 g6 2.d4 Bg7 3.f4 d5 4.e5 h5 5.Nf3 Nh6 6.Bd3 Bf5 7.Be3 Nd7 8.c3 Rc8 9.
Na3 a6 10.c4 Bxd3 11.Qxd3 dxc4 12.Nxc4 Nc5 13.Qd2 Ne4 14.Qc2 Qd5 15.O-O 
O-O 16.Rae1 b5 17.Na3 f5 18.exf6 exf6 19.Nh4 Kh7 20.Nb1 f5 21.Nc3 Qc4 22.
Qb3 Qxb3 23.axb3 Ng4 24.Nxe4 fxe4 25.Bf2 Nxf2 26.Kxf2 g5 0-1

[Event "30th WCh U20 Girls"]
[Site "Athens GRE"]
[Date "2012.08.04"]
[Round "3"]
[White "Vatkali, Dimitra"]
[Black "York-Andersen, Anna"]
[Result "1/2-1/2"]
[WhiteElo "1936"]
[BlackElo "1828"]
[EventDate "2012.08.02"]
[PlyCount "66"]

1.e4 c6 2.c4 d5 3.cxd5 cxd5 4.exd5 Qxd5 5.Nc3 Qd8 6.d4 Nf6 7.Bc4 e6 8.Nf3 
Nc6 9.O-O Be7 10.a3 O-O 11.Re1 a6 12.Ba2 b5 13.b4 Bb7 14.Bb2 Na7 15.Rc1 
Bxf3 16.gxf3 Nh5 17.Ne4 Nf4 18.Kh1 Nh3 19.Qe2 Bh4 20.Ng3 Nf4 21.Qf1 Rc8 
22.Re4 Bg5 23.Rxc8 Nxc8 24.Bc1 Ng6 25.Bxg5 Qxg5 26.Ne2 Qd2 27.Bb1 Nce7 28.
Re3 Nd5 29.Rd3 Qg5 30.Qg1 Qxg1+ 31.Kxg1 Rc8 32.Kf1 Ngf4 33.Rb3 Kf8 1/2-1/2

[Event "30th WCh U20 Girls"]
[Site "Athens GRE"]
[Date "2012.08.04"]
[Round "3"]
[White "Psofimi, Milia"]
[Black "Furtado, Ivana Maria"]
[Result "0-1"]
[WhiteElo "1437"]
[BlackElo "2102"]
[EventDate "2012.08.02"]
[PlyCount "72"]

1.e4 e6 2.d4 d5 3.e5 c5 4.c3 Nc6 5.Nf3 Qb6 6.Be2 Nge7 7.Na3 cxd4 8.cxd4 
Nf5 9.Nc2 Bb4+ 10.Kf1 Be7 11.b3 h5 12.g3 Bd7 13.Kg2 g6 14.Be3 Rc8 15.Qd2 
Nb4 16.Rhc1 Nxc2 17.Rxc2 Rxc2 18.Qxc2 O-O 19.Bd3 Rc8 20.Qe2 a6 21.Bxf5 
exf5 22.Bf4 Ba3 23.Bg5 Qc6 24.Bf6 Qc2 25.Qe3 Bc1 26.Qe1 Qb2 27.Rxc1 Qxc1 
28.Qb4 Bb5 29.Nd2 Qc3 30.Qxc3 Rxc3 31.a4 Bd3 32.a5 Rc2 33.Nf1 Be4+ 34.Kg1 
Rc1 35.Bg5 Rb1 36.f4 Bd3 0-1

[Event "30th WCh U20 Girls"]
[Site "Athens GRE"]
[Date "2012.08.05"]
[Round "4"]
[White "Guo Qi"]
[Black "Bodnaruk, Anastasia"]
[Result "1/2-1/2"]
[WhiteElo "2358"]
[BlackElo "2414"]
[EventDate "2012.08.02"]
[PlyCount "113"]

1.d4 Nf6 2.c4 g6 3.Nc3 Bg7 4.e4 d6 5.Nf3 O-O 6.Be2 e5 7.O-O exd4 8.Nxd4 
Re8 9.f3 c6 10.Kh1 Nbd7 11.Bf4 Nh5 12.Bxd6 Qf6 13.Nc2 Nf4 14.Bxf4 Qxf4 15.
g3 Qc7 16.Qd2 Nc5 17.Qe3 Qe7 18.b4 Na6 19.Rab1 Bh3 20.Rfe1 f5 21.c5 Nc7 
22.Bc4+ Kh8 23.Nd1 fxe4 24.Nf2 Be6 25.Bxe6 Qxe6 26.Nxe4 Qxa2 27.Qb3 Qxb3 
28.Rxb3 Kg8 29.Rd1 Rad8 30.Rbd3 Rxd3 31.Rxd3 Nd5 32.Ra3 a6 33.Ne3 Nxe3 34.
Rxe3 Rd8 35.Nd6 Bf8 36.Nxb7 Rb8 37.Nd6 Rxb4 38.Re8 Rb1+ 39.Kg2 Rc1 40.Ne4 
Kf7 41.Rc8 Bxc5 42.Rxc6 Be3 43.Rxa6 Rc2+ 44.Kh3 Bg1 45.Rd6 Rxh2+ 46.Kg4 
Ke7 47.Rc6 Kd7 48.Rc3 Bb6 49.Rd3+ Ke7 50.Rb3 Bc7 51.Rc3 Bd8 52.Ra3 Ke6 53.
f4 Be7 54.Ra6+ Kf7 55.Ra7 Ke6 56.Ra6+ Kf7 57.Ra7 1/2-1/2

[Event "30th WCh U20 Girls"]
[Site "Athens GRE"]
[Date "2012.08.05"]
[Round "4"]
[White "Bulmaga, Irina"]
[Black "Ziaziulkina, Nastassia"]
[Result "1/2-1/2"]
[WhiteElo "2380"]
[BlackElo "2342"]
[EventDate "2012.08.02"]
[PlyCount "153"]

1.e4 c5 2.Nf3 d6 3.d4 cxd4 4.Nxd4 Nf6 5.Nc3 a6 6.Be3 e6 7.f3 b5 8.Qd2 Nbd7
9.g4 h6 10.a3 Bb7 11.O-O-O Rc8 12.Kb1 Ne5 13.Be2 Nfd7 14.Nb3 Nb6 15.Na5 
Ba8 16.f4 Ned7 17.Rhe1 Be7 18.h4 Bxh4 19.Rg1 Bf6 20.Bd4 e5 21.fxe5 dxe5 
22.Be3 Bg5 23.Bxg5 Qxg5 24.Qxg5 hxg5 25.Rh1 Rxh1 26.Rxh1 Ke7 27.Nb3 Nf6 
28.Nd2 Rd8 29.Kc1 Bb7 30.b3 Nbd7 31.b4 Nf8 32.Rf1 Ne6 33.Rf5 g6 34.Rf1 Nd4
35.Bd1 Rh8 36.a4 Bc6 37.axb5 axb5 38.Kb2 Rd8 39.Re1 Ne6 40.Nb3 Nd4 41.Nc5 
Nd7 42.Nd3 Kd6 43.Nb1 Nb6 44.c3 Nc4+ 45.Kc1 Ne6 46.Nd2 Nf4 47.Nc5 Ke7 48.
Nxc4 bxc4 49.Re3 Rh8 50.Ba4 Rh1+ 51.Kb2 Bxa4 52.Nxa4 Nd3+ 53.Kc2 Rh2+ 54.
Kb1 Ke6 55.Nb6 Rb2+ 56.Ka1 Rc2 57.Nd5 f5 58.gxf5+ gxf5 59.Nc7+ Kd7 60.Nd5 
fxe4 61.Nf6+ Kc6 62.Nxe4 Kb5 63.Kb1 Rb2+ 64.Ka1 Rg2 65.Kb1 g4 66.Nc5 Nxc5 
67.Rxe5 Ka4 68.bxc5 Kb3 69.Kc1 Kxc3 70.Re3+ Kd4 71.c6 Rf2 72.c7 Rf8 73.Rg3
Kc5 74.Rxg4 Rc8 75.Rg7 Kb4 76.Kc2 Rh8 77.Rd7 1/2-1/2

[Event "30th WCh U20 Girls"]
[Site "Athens GRE"]
[Date "2012.08.05"]
[Round "4"]
[White "Vojinovic, Jovana"]
[Black "Arabidze, Meri"]
[Result "1/2-1/2"]
[WhiteElo "2337"]
[BlackElo "2379"]
[EventDate "2012.08.02"]
[PlyCount "50"]

1.d4 Nf6 2.c4 e6 3.Nc3 Bb4 4.g3 c5 5.Nf3 cxd4 6.Nxd4 a6 7.Bg2 Qc7 8.O-O 
Nc6 9.Na4 Be7 10.c5 Rb8 11.Rb1 Nxd4 12.Qxd4 e5 13.Qd3 d6 14.cxd6 Qxd6 15.
Qxd6 Bxd6 16.Bg5 b5 17.Bxf6 gxf6 18.Nc3 Be6 19.Nd5 f5 20.Rbc1 e4 21.Rfd1 
Rd8 22.Nf6+ Ke7 23.Nd5+ Ke8 24.Nf6+ Ke7 25.Nd5+ Kf8 1/2-1/2

[Event "30th WCh U20 Girls"]
[Site "Athens GRE"]
[Date "2012.08.05"]
[Round "4"]
[White "Kulon, Klaudia"]
[Black "Kashlinskaya, Alina"]
[Result "1/2-1/2"]
[WhiteElo "2259"]
[BlackElo "2391"]
[EventDate "2012.08.02"]
[PlyCount "123"]

1.e4 e5 2.Nf3 Nc6 3.Bc4 Nf6 4.Ng5 d5 5.exd5 Na5 6.Bb5+ c6 7.dxc6 bxc6 8.
Be2 h6 9.Nh3 Bd6 10.d3 O-O 11.Nc3 Bf5 12.O-O Qd7 13.Kh1 c5 14.Ng1 Nc6 15.
Bf3 Rab8 16.Ne4 Be7 17.Nxf6+ Bxf6 18.c3 Na5 19.Be4 Be6 20.Nf3 Qc7 21.Qa4 
Bd7 22.Qa3 c4 23.Be3 cxd3 24.b4 Bc6 25.Bxc6 Nxc6 26.Nd2 Be7 27.Qa6 Qd7 28.
b5 Nd8 29.Rab1 Bg5 30.Qxa7 Qxa7 31.Bxa7 Ra8 32.Be3 Bxe3 33.fxe3 Rxa2 34.
Nc4 Re8 35.Nd6 Re6 36.Ne4 Nb7 37.g4 Ra4 38.Nd2 Ra2 39.Nb3 Rc2 40.Rfc1 Rd6 
41.c4 Rxc1+ 42.Rxc1 d2 43.Rd1 Rd3 44.Nxd2 Kf8 45.Kg1 Nd6 46.b6 Nb7 47.Kf2 
Rd6 48.Ke2 Rxb6 49.Ne4 Rb4 50.Kd3 Rb3+ 51.Kd2 Na5 52.Rc1 g6 53.Rc3 Rb2+ 
54.Kd3 Nc6 55.Ra3 Rxh2 56.c5 f5 57.gxf5 gxf5 58.Nd6 f4 59.Ke4 Re2 60.Nf5 
fxe3 61.Ra8+ Kf7 62.Nxh6+ 1/2-1/2

[Event "30th WCh U20 Girls"]
[Site "Athens GRE"]
[Date "2012.08.05"]
[Round "4"]
[White "Cori Tello, Deysi"]
[Black "Kulkarni, Bhakti Pradip"]
[Result "1-0"]
[WhiteElo "2413"]
[BlackElo "2159"]
[EventDate "2012.08.02"]
[PlyCount "63"]

1.d4 Nf6 2.Nf3 e6 3.e3 b6 4.Bd3 Bb7 5.O-O c5 6.c4 g6 7.d5 exd5 8.cxd5 Bxd5
9.e4 Bb7 10.e5 Nh5 11.Nc3 Ng7 12.Be4 Bc6 13.Bh6 Ne6 14.Qd2 Be7 15.Rad1 
Bxe4 16.Nxe4 Nc6 17.Qc3 Qb8 18.Nd6+ Bxd6 19.exd6 Rg8 20.Rfe1 b5 21.Ng5 Kd8
22.Nxf7+ Kc8 23.Rxe6 dxe6 24.d7+ Kb7 25.Qxc5 Qc7 26.Nd6+ Kb8 27.Nxb5 Qb6 
28.Bf4+ e5 29.Bxe5+ Nxe5 30.Qxe5+ Kb7 31.Nd6+ Kc6 32.Qd5+ 1-0

[Event "30th WCh U20 Girls"]
[Site "Athens GRE"]
[Date "2012.08.05"]
[Round "4"]
[White "Wang Jue"]
[Black "Orozco Lopez, Lina Yomayra"]
[Result "1-0"]
[WhiteElo "2355"]
[BlackElo "2150"]
[EventDate "2012.08.02"]
[PlyCount "55"]

1.e4 c5 2.Nf3 d6 3.c3 Nf6 4.Be2 Bd7 5.Qc2 Bc6 6.d3 g6 7.Nbd2 e5 8.d4 cxd4 
9.cxd4 exd4 10.Nxd4 Bg7 11.O-O O-O 12.Re1 d5 13.e5 Ne4 14.N2f3 Nd7 15.Bf4 
Ndc5 16.Rad1 Rc8 17.Nxc6 bxc6 18.b4 Ne6 19.Be3 Qe7 20.Qb3 Rb8 21.b5 Nc7 
22.Nd4 Rxb5 23.Nxc6 Qd7 24.Bxb5 Nxb5 25.Qxb5 Nc3 26.Qc5 Nxd1 27.Rxd1 Qg4 
28.Qxd5 1-0

[Event "30th WCh U20 Girls"]
[Site "Athens GRE"]
[Date "2012.08.05"]
[Round "4"]
[White "Khaled, Mouna"]
[Black "Schut, Lisa"]
[Result "1-0"]
[WhiteElo "2121"]
[BlackElo "2305"]
[EventDate "2012.08.02"]
[PlyCount "123"]

1.d4 Nf6 2.Nf3 g6 3.c4 Bg7 4.Nc3 d5 5.Bg5 Ne4 6.Bf4 Nxc3 7.bxc3 O-O 8.e3 
c5 9.cxd5 cxd4 10.cxd4 Qxd5 11.Be2 Nc6 12.O-O Bf5 13.Qa4 Qa5 14.Qb3 Qb4 
15.Qxb4 Nxb4 16.a3 Nd5 17.Bg3 Nc3 18.Bc4 Rac8 19.Bb3 Bd3 20.Rfe1 Ne2+ 21.
Kh1 Nxg3+ 22.hxg3 Rc3 23.Ba2 e6 24.Bb1 Ba6 25.Ng1 Rfc8 26.Be4 Bf8 27.a4 
Ra3 28.Rxa3 Bxa3 29.Ra1 Bd6 30.Ra2 Rc1 31.Kh2 Rf1 32.Nh3 Kg7 33.Nf4 g5 34.
Nh5+ Kf8 35.Bxh7 Ke7 36.Rc2 b6 37.e4 Bd3 38.Rc3 Bb1 39.e5 Bxh7 40.Nf6 Rxf2
41.Nxh7 Bb4 42.Rc7+ Kd8 43.Rxa7 Be7 44.Kh3 Rd2 45.Kg4 Rxd4+ 46.Kh5 Rd2 47.
Nf6 Bxf6 48.exf6 Rd7 49.Ra8+ Kc7 50.Kh6 Kd6 51.Kg7 e5 52.Re8 g4 53.Kf8 Kd5
54.Re7 Rd6 55.Kxf7 e4 56.Kg7 Kd4 57.f7 Rd8 58.Re8 Rd7 59.Kf6 Rxf7+ 60.Kxf7
e3 61.Kf6 Kd3 62.Kf5 1-0

[Event "30th WCh U20 Girls"]
[Site "Athens GRE"]
[Date "2012.08.05"]
[Round "4"]
[White "Furtado, Ivana Maria"]
[Black "Klek, Hanna-Marie"]
[Result "0-1"]
[WhiteElo "2102"]
[BlackElo "2248"]
[EventDate "2012.08.02"]
[PlyCount "138"]

1.d4 d5 2.Nf3 Nf6 3.c4 e6 4.Nc3 Be7 5.Bg5 h6 6.Bh4 O-O 7.e3 b6 8.Be2 Bb7 
9.Bxf6 Bxf6 10.cxd5 exd5 11.O-O c6 12.Qb3 Re8 13.Rad1 Na6 14.Rfe1 Nc7 15.
Bf1 Ne6 16.Qa4 c5 17.Bb5 Re7 18.dxc5 Nxc5 19.Qa3 a6 20.Nxd5 Bxd5 21.Bc6 
Bxc6 22.Rxd8+ Rxd8 23.b4 Rd3 24.Qc1 Rc3 25.Qd2 Nd3 26.Rf1 Rc7 27.Nd4 Be4 
28.f3 Bg6 29.b5 Bxd4 30.exd4 axb5 31.h4 Rc2 32.Qe3 Rb2 33.h5 Bf5 34.f4 Kf8
35.Re1 Nxe1 36.Qa3+ b4 37.Qxb2 Nc2 38.Qb3 Be4 39.d5 Rc3 40.Qa4 Bxd5 41.Qd7
Bc6 42.Qd8+ Be8 43.Qd6+ Kg8 44.Qd8 Re3 45.Kf2 Re6 46.f5 Re5 47.Qc7 Ne3 48.
Qxb6 Nd5 49.Qb8 Re4 50.Kf3 Nf6 51.Qd6 Kh7 52.g3 Rc4 53.Ke2 Bb5 54.Kd1 Re4 
55.Kc1 Be2 56.Kb2 Bxh5 57.a3 bxa3+ 58.Kxa3 Bg4 59.Qc5 Re1 60.Kb2 Rf1 61.
Qe7 Bh5 62.Qe5 Rf3 63.Kc1 Bg4 64.Qe7 Bxf5 65.Qxf7 Rxg3 66.Kd2 Ne4+ 67.Ke1 
Bg6 68.Qf4 h5 69.Kf1 Rf3+ 0-1

[Event "30th WCh U20 Girls"]
[Site "Athens GRE"]
[Date "2012.08.05"]
[Round "4"]
[White "Ibrahimova, Sabina"]
[Black "Pavlidou, Ekaterini"]
[Result "1-0"]
[WhiteElo "2091"]
[BlackElo "2237"]
[EventDate "2012.08.02"]
[PlyCount "47"]

1.e4 c5 2.Nf3 d6 3.d4 cxd4 4.Nxd4 Nf6 5.Nc3 a6 6.h3 e5 7.Nde2 Be7 8.g4 h6 
9.Ng3 Nc6 10.Be3 b5 11.Nf5 Bxf5 12.gxf5 b4 13.Nd5 Nxd5 14.Qxd5 Qc7 15.Rg1 
Bf6 16.O-O-O Rd8 17.Bxa6 b3 18.Bb5 bxa2 19.Qxc6+ Kf8 20.Qxc7 a1=Q+ 21.Kd2 
Qxb2 22.Rb1 Qa3 23.Bc4 Be7 24.Rb8 1-0

[Event "30th WCh U20 Girls"]
[Site "Athens GRE"]
[Date "2012.08.05"]
[Round "4"]
[White "Goryachkina, Aleksandra"]
[Black "Ivekovic, Ana"]
[Result "1-0"]
[WhiteElo "2361"]
[BlackElo "1959"]
[EventDate "2012.08.02"]
[PlyCount "105"]

1.d4 d5 2.c4 c6 3.Nf3 Nf6 4.Qb3 e6 5.g3 Bd6 6.Bg2 O-O 7.O-O b6 8.Nc3 Bc7 
9.Rd1 Bb7 10.e4 dxc4 11.Qxc4 Nbd7 12.e5 Nd5 13.Nxd5 cxd5 14.Qd3 h6 15.Be3 
Rc8 16.Bf1 f6 17.exf6 Qxf6 18.Bg2 Rfd8 19.Rac1 Bb8 20.Qe2 Rxc1 21.Bxc1 e5 
22.dxe5 Nxe5 23.Nd4 Ng6 24.b3 Nf8 25.Bb2 Be5 26.f4 Bxd4+ 27.Bxd4 Qf7 28.
Rc1 Rc8 29.Re1 Bc6 30.Qg4 Bd7 31.Qf3 Bc6 32.f5 Nh7 33.Rc1 Ng5 34.Qf4 Ne4 
35.f6 Bd7 36.Rxc8+ Bxc8 37.fxg7 Qxf4 38.gxf4 Be6 39.Be5 Kf7 40.Kf1 Kg6 41.
f5+ Kxf5 42.Bh3+ Kxe5 43.Bxe6 Nf6 44.g8=Q Nxg8 45.Bxg8 b5 46.Ke2 Kd4 47.
Bf7 b4 48.Kd2 Ke4 49.Bg6+ Kd4 50.h4 a6 51.h5 a5 52.Bh7 Kc5 53.Kd3 1-0

[Event "30th WCh U20 Girls"]
[Site "Athens GRE"]
[Date "2012.08.05"]
[Round "4"]
[White "Aulia, Medina Warda"]
[Black "De Seroux, Camille"]
[Result "1-0"]
[WhiteElo "2218"]
[BlackElo "2101"]
[EventDate "2012.08.02"]
[PlyCount "55"]

1.e4 c5 2.Nf3 d6 3.d4 cxd4 4.Nxd4 Nf6 5.Nc3 Nc6 6.Be2 e5 7.Nf3 h6 8.h3 Be7
9.O-O O-O 10.Re1 a6 11.Bf1 Qc7 12.b3 Nd4 13.Bb2 Nxf3+ 14.Qxf3 b5 15.Bd3 
Bb7 16.a4 b4 17.Nd1 Rad8 18.Ne3 Nh7 19.Nf5 Ng5 20.Qg3 Kh8 21.f4 exf4 22.
Bxg7+ Kh7 23.Qg4 Ne6 24.Qh5 Bg5 25.Bxh6 Bxh6 26.Qxh6+ Kg8 27.e5 f6 28.exf6
1-0

[Event "30th WCh U20 Girls"]
[Site "Athens GRE"]
[Date "2012.08.05"]
[Round "4"]
[White "Rodriguez Rueda, Paula Andrea"]
[Black "Galunova, Tsveta"]
[Result "1-0"]
[WhiteElo "2196"]
[BlackElo "2091"]
[EventDate "2012.08.02"]
[PlyCount "61"]

1.d4 d5 2.c4 c6 3.Nf3 Nf6 4.e3 e6 5.Nc3 Nbd7 6.Bd3 Bd6 7.e4 dxc4 8.Bxc4 e5
9.O-O O-O 10.Bg5 Qe7 11.h3 Rd8 12.Re1 exd4 13.e5 Nxe5 14.Ne4 Be6 15.Nxe5 
Bxe5 16.f4 Bb8 17.f5 Qc7 18.fxe6 Qh2+ 19.Kf1 fxe6 20.Bxf6 gxf6 21.Bxe6+ 
Kh8 22.Qf3 Be5 23.Rad1 Rf8 24.Nf2 Rae8 25.Ng4 Qg3 26.Qxg3 Bxg3 27.Re2 Rd8 
28.Rd3 Bc7 29.Bf5 Rf7 30.Nh6 Rg7 31.Rxd4 1-0

[Event "30th WCh U20 Girls"]
[Site "Athens GRE"]
[Date "2012.08.05"]
[Round "4"]
[White "Batkovskyte, Dominyka"]
[Black "Varga, Klara"]
[Result "1/2-1/2"]
[WhiteElo "2096"]
[BlackElo "2181"]
[EventDate "2012.08.02"]
[PlyCount "122"]

1.d4 e6 2.c4 Nf6 3.Nc3 Bb4 4.e3 b6 5.Ne2 Bb7 6.a3 Bd6 7.Ng3 h5 8.f3 h4 9.
Nge4 Nxe4 10.Nxe4 Be7 11.d5 f5 12.Nf2 Bf6 13.e4 O-O 14.Be2 c5 15.Qd3 Bd4 
16.Be3 Bxb2 17.Rb1 Qf6 18.O-O exd5 19.exd5 Re8 20.Bg5 Qxg5 21.Rxb2 Qf6 22.
Rd2 d6 23.f4 Nd7 24.Nh3 Re7 25.Ng5 Rae8 26.Rf3 Re4 27.Nxe4 Rxe4 28.Qc2 g6 
29.Qa4 Bc8 30.Qc6 Re8 31.Bf1 Kg7 32.Rff2 Qf8 33.Rde2 Re4 34.Qa4 a6 35.Qb3 
Qe7 36.Rxe4 fxe4 37.Re2 b5 38.cxb5 axb5 39.Qxb5 Nf6 40.Qc4 Bb7 41.a4 Bxd5 
42.Qc3 Qa7 43.a5 Kf7 44.Rb2 c4+ 45.Rb6 Nd7 46.Qd4 Nxb6 47.axb6 Qa5 48.Bxc4
Qe1+ 49.Bf1 Ke6 50.Qf2 Qxf2+ 51.Kxf2 Bb7 52.Ke3 Kd5 53.Bb5 Kc5 54.Be8 d5 
55.Bxg6 d4+ 56.Ke2 Kxb6 57.g3 hxg3 58.hxg3 Kc5 59.Kd2 e3+ 60.Ke2 Kd5 61.
Bd3 Ke6 1/2-1/2

[Event "30th WCh U20 Girls"]
[Site "Athens GRE"]
[Date "2012.08.05"]
[Round "4"]
[White "Osmak, Yulia"]
[Black "Nevioselaya, Maria"]
[Result "1/2-1/2"]
[WhiteElo "2171"]
[BlackElo "2057"]
[EventDate "2012.08.02"]
[PlyCount "172"]

1.e4 e5 2.Nf3 Nc6 3.Bb5 a6 4.Ba4 Nf6 5.O-O Be7 6.Re1 b5 7.Bb3 d6 8.c3 O-O 
9.h3 Nb8 10.d4 Nbd7 11.Nbd2 Bb7 12.Bc2 Re8 13.Nf1 c5 14.Ng3 cxd4 15.cxd4 
exd4 16.Nxd4 d5 17.exd5 Bxd5 18.Bg5 Bc5 19.Rxe8+ Qxe8 20.Qd2 Qe5 21.Be3 
Nb6 22.b3 Bb7 23.Rd1 Rd8 24.Qe2 g6 25.Ndf5 Rxd1+ 26.Qxd1 Nbd7 27.Bxc5 Qxc5
28.Nd6 Bc6 29.Qd2 Qd5 30.Qxd5 Nxd5 31.a3 f5 32.Ne2 Ne5 33.f4 Nd7 34.Nd4 
Ba8 35.g3 Kf8 36.a4 b4 37.Nc4 Nc5 38.Kf2 Nf6 39.Ke3 Bg2 40.h4 Ke7 41.a5 
Ng4+ 42.Ke2 Bd5 43.Nb6 Kd6 44.Nc8+ Kc7 45.Ne7 Nf6 46.h5 Kd7 47.Nxd5 Nxd5 
48.h6 Nf6 49.Nf3 Ng4 50.Ng5 Nxh6 51.Nxh7 Ke7 52.Ke3 Nb7 53.Kd4 Ng4 54.Ng5 
Nxa5 55.Nf3 Nb7 56.Bd3 a5 57.Kd5 Nf2 58.Ba6 Nd6 59.Ne5 Ne8 60.Nxg6+ Kf6 
61.Ne5 Nc7+ 62.Kc6 Nxa6 63.Kb5 Nc7+ 64.Kxa5 Nd5 65.Kb5 Ke6 66.Nc6 Nd1 67.
Nd4+ Kf6 68.Kc5 N1e3 69.Nc6 Kf7 70.Ne5+ Ke6 71.Nf3 Kf6 72.Ne5 Kg7 73.Nc6 
Kg6 74.Ne5+ Kh5 75.Kd4 Kh6 76.Nc6 Kg6 77.Ne5+ Kf6 78.Kc5 Ke6 79.Nf3 Kd7 
80.Ne5+ Kc7 81.Nf3 Kb7 82.Ne5 Ka6 83.Nc6 Kb7 84.Ne5 Ka7 85.Nc6+ Ka6 86.Ne5
Kb7 1/2-1/2

[Event "30th WCh U20 Girls"]
[Site "Athens GRE"]
[Date "2012.08.05"]
[Round "4"]
[White "Petrova, Irina"]
[Black "Manelidou, Maria"]
[Result "1-0"]
[WhiteElo "2173"]
[BlackElo "2056"]
[EventDate "2012.08.02"]
[PlyCount "95"]

1.d4 f5 2.c4 Nf6 3.Nf3 g6 4.g3 Bg7 5.Bg2 O-O 6.O-O d6 7.Nc3 Nc6 8.d5 Na5 
9.Qa4 b6 10.Nd2 Qe8 11.Qc2 c5 12.b3 a6 13.Bb2 b5 14.e4 fxe4 15.Ncxe4 Bf5 
16.Rae1 Qd8 17.Qc1 Rb8 18.Nxf6+ exf6 19.Re3 Bh6 20.f4 g5 21.cxb5 gxf4 22.
gxf4 axb5 23.Ne4 Rb7 24.Qe1 Bg7 25.Nxd6 Qxd6 26.Qxa5 b4 27.Rfe1 Bg6 28.Re6
Qxf4 29.Qxc5 Rd7 30.Qc4 Qb8 31.Qc6 Rc7 32.Qd6 Bf7 33.R6e2 Rd8 34.Qg3 Kh8 
35.Kh1 Qc8 36.Qf4 Rf8 37.Qxb4 Bh5 38.Rf2 Rc2 39.Rxc2 Qxc2 40.Qc3 Rc8 41.
Qxc2 Rxc2 42.d6 Rd2 43.Ba3 Kg8 44.Bb4 Rd4 45.Bc5 Rd2 46.Bc6 Bf8 47.d7 Kf7 
48.Bxf8 1-0

[Event "30th WCh U20 Girls"]
[Site "Athens GRE"]
[Date "2012.08.05"]
[Round "4"]
[White "Unapkoshvili, Nani"]
[Black "Sihite, Chelsie Monica"]
[Result "0-1"]
[WhiteElo "2011"]
[BlackElo "2162"]
[EventDate "2012.08.02"]
[PlyCount "58"]

1.d4 Nf6 2.c4 e6 3.g3 d5 4.Bg2 Be7 5.Nf3 O-O 6.O-O dxc4 7.Ne5 Nc6 8.Bxc6 
bxc6 9.Nxc6 Qe8 10.Nxe7+ Qxe7 11.Qa4 e5 12.dxe5 Qxe5 13.Qxc4 Be6 14.Qd3 
Rad8 15.Qe3 Qh5 16.f3 Rfe8 17.Qf2 Nd5 18.Nc3 Nxc3 19.bxc3 Bc4 20.Re1 Rd7 
21.Bf4 Qa5 22.Rad1 Rxd1 23.Rxd1 g5 24.Be3 h6 25.Bxa7 Rxe2 26.Qc5 Qxa2 27.
Rd8+ Kg7 28.Qd4+ f6 29.Rd7+ Kg6 0-1